000 00762cam a22002297a 4500
999 _c128555
_d128555
001 16879391
003 ARRUPE
005 20181114090214.0
008 110719s2011 kyua b 000 0 eng d
010 _a 2011934726
016 7 _a015846999
_2Uk
035 _a(OCoLC)ocn726820699
040 _aBTCTA
_beng
_cBTCTA
_dUKMGB
_dCPE
_dBDX
_dDLC
042 _alccopycat
050 0 0 _aBX4705.M542
_bW726
100 1 _aWilliams, Rowan,
_d1950-
_943422
245 1 2 _aA silent action :
_bengagements with Thomas Merton /
_cRowan Williams.
260 _aLouisville, Ky. :
_bFons Vitae,
_c2013.
300 _a96 p. ;
_c24 cm.
600 1 0 _aMerton, Thomas,
_d1915-1968.
_97952
906 _a7
_bcbc
_ccopycat
_d2
_encip
_f20
_gy-gencatlg
942 _2lcc
_cMONOGRAPH